| 000 | 00432nam a22001577a 4500 | ||
|---|---|---|---|
| 003 | OSt | ||
| 005 | 20260401115232.0 | ||
| 008 | 260401b |||||||| |||| 00| 0 eng d | ||
| 020 | _a9789914709506 | ||
| 040 | _cMENTOR PUBLISHERS | ||
| 050 | _aPL 8701 .L83 2025 | ||
| 245 |
_aMUTAALA WA KIUMILISI _bKIELEKEZI CHA KISWAHILI _cLUBANGA, CHRISTOPHER |
||
| 250 | _a1ST ED | ||
| 260 |
_aKENYA _bMENTOR PUBLISHERS _c2025 |
||
| 942 |
_2ddc _cBK _n0 |
||
| 999 |
_c10024 _d10024 |
||